000 00349 a2200169 4500
001 73791
020 _a8501155071
040 _cAnchieta - Colégio São Paulo
100 _aSciascia, Leanardo
240 1 0 _aA trama
_lpor
245 1 0 _aA trama
300 _a122
362 0 _a0
440 1 _aRecord
650 4 _aFicção italiana
942 _cBK
999 _c73791
_d73791